Acceso a la tierra y reproducción del campesinado en Costa Rica
Trata el problema de la tierra en Costa Rica, como consecuencia del crecimiento capitalista que ha originado una gran presión sobre la tierra y el fortalecimiento paulatino de la sociedad burguesa. OB/EL
Kaydedildi:
| Yazar: | |
|---|---|
| Materyal Türü: | Metin |
| Baskı/Yayın Bilgisi: |
San José:
UCR. IIS
|
| Konular: | |
| Etiketler: |
Etiketle
Etiket eklenmemiş, İlk siz ekleyin!
|
MARC
| LEADER | 00000 a a2200000 04500 | ||
|---|---|---|---|
| 001 | 12588 | ||
| 003 | |||
| 040 | |||
| 090 | |a 024500 | ||
| 100 | |a Fernández Arias, Mario E. | ||
| 245 | |a Acceso a la tierra y reproducción del campesinado en Costa Rica | ||
| 260 | |a San José: |b UCR. IIS | ||
| 300 | |a 25 p. | ||
| 500 | |a También EN: Revista de Ciencias Sociales (UCR.FCS), n° 43, marzo 1989, pp. 31-41. N° acceso: 100002 | ||
| 520 | |a Trata el problema de la tierra en Costa Rica, como consecuencia del crecimiento capitalista que ha originado una gran presión sobre la tierra y el fortalecimiento paulatino de la sociedad burguesa. OB/EL | ||
| 650 | |a CAMPESINADO | ||
| 650 | |a TENENCIA DE LA TIERRA | ||
| 650 | |a PRODUCCION AGROPECUARIA | ||
| 650 | |a POBLACION AGRICOLA | ||
| 650 | |a CAPITALISMO | ||
| 650 | |a MEDIOS DE PRODUCCION | ||
| 650 | |a POBREZA | ||
| 650 | |a EMPRESAS TRANSNACIONALES | ||
| 650 | |a CONDICIONES DE VIDA | ||
| 650 | |a BURGUESIA | ||
| 650 | |a CLASE OBRERA | ||
| 650 | |a PROBLEMAS SOCIALES | ||
| 999 | |c 3150 |d 3150 | ||
